000
00302nam a22001337a 4500
008
171207b xxu||||| |||| 00| 0 eng d
020
_a
9780136098690
041
_a
eng
080
_2
7 ED
_a
338
100
_a
54
101
_a
MEN
245
_a
INTERNATIONAL MANAGEMENT
_c
DERESKY,H
942
_2
udc
_c
BK
999
_c
38813
_d
38813